Normal view
MARC view
- Gorostiaga de Fernández Aráoz, María
Entry Nombre Personal
001 - NUMERO DE CONTROL
- campo de control: 34912
003 - IDENTIFICADOR DE NUMERO DE CONTROL
- campo de control: UPN
005 - FECHA Y HORA DE LA ÜLTIMA TRANSACCIÓN
- campo de control: 20210219194457.0
008 - DATOS DE LONGITUD FIJA
- campo de control de longitud fija: nabaccnnaabn|||||||||| b |nc|||||d
035 ## - NUMERO DE CONTROL
- Número de control: UPN11000007019
040 ## - FUENTE DE CATALOGACIÓN
- Lenguaje de catalogación: SPA
- Agencia de transcripción: UPN
100 1# - ENCABEZAMIENTO - NOMBRE PERSONAL
- Nombre personal: Gorostiaga de Fernández Aráoz, María
670 ## - FUENTE EN LA QUE SE LOCALIZARON DATOS
- Cita de la fuente: T
- Uniform Resource Identifier: http://www.udesa.edu.ar/Unidades-Academicas/departamentos-y-escuelas/Escuela-de-educacion/eventos?eid=3581
680 ## - NOTA PUBLICA DE ACCESO PÚBLICO
- Frase explicativa de la referencia: Licenciada en Ciencias de la Educación, especializada en Orientación Escolar y Profesional
902 ## - CATALOGADOR
- Catalogador: MMA/060314
